00380nam a22001337a 450000500170000002000220001703500240003908200060006310000180006924500730008726000440016030000250020470000170022920181126140217.0 a8170119138c65.00 aB-106047 B-106079 aS aKhanna, Anita aStories of the Buddha /cby Anita Khanna ; illustrated by Tapas Guha aNew DelhibChildren's Book Trust c2005 a79p.bill.c22cm Hb) aGuha, Tapas